Effective security planning: surveys and threat assessments (Record no. 72962)

MARC details
000 -LEADER
fixed length control field 00956cam a2200205 4500
001 - CONTROL NUMBER
control field ABS66810
008 - FIXED-LENGTH DATA ELEMENTS--GENERAL INFORMATION
fixed length control field 030701n2003 000 0 eng u
035 ## - SYSTEM CONTROL NUMBER
System control number (Sirsi) u122835
100 ## - MAIN ENTRY--PERSONAL NAME
Personal name Booty, F.
245 ## - TITLE STATEMENT
Title Effective security planning: surveys and threat assessments
260 ## - PUBLICATION, DISTRIBUTION, ETC.
Date of publication, distribution, etc. 2003
490 ## - SERIES STATEMENT
Series statement RICS Facilities Management Faculty Feature
Volume/sequential designation 30 June 2003(6)
520 ## - SUMMARY, ETC.
Summary, etc. Discusses the requirements of pro-active security, including security surveys, threat assessments, matching security and business strategies, and training. The feature goes on to consider basic security planning, the scope and elements of a security plan, the components of site security. Includes links to further sources of information and relevant features in the same series. View at www.rics.org/fm.
590 ## - LOCAL NOTE (RLIN)
Local note ABS
650 ## - SUBJECT ADDED ENTRY--TOPICAL TERM
Topical term or geographic name entry element RISK ASSESSMENT
650 ## - SUBJECT ADDED ENTRY--TOPICAL TERM
Topical term or geographic name entry element SECURITY
650 ## - SUBJECT ADDED ENTRY--TOPICAL TERM
Topical term or geographic name entry element SECURITY PLANS
690 ## - LOCAL SUBJECT ADDED ENTRY--TOPICAL TERM (OCLC, RLIN)
Topical term or geographic name as entry element MANAGEMENT-FACILITIES MANAGEMENT
942 ## - ADDED ENTRY ELEMENTS (KOHA)
Suppress in OPAC 0
Holdings
Withdrawn status Lost status Source of classification or shelving scheme Damaged status Not for loan Home library Current library Shelving location Date acquired Total Checkouts Full call number Barcode Date last seen Copy number Price effective from Koha item type
    Dewey Decimal Classification     London London Journal article 01/07/2003   ABS66810 122835-1001 06/08/2019 1 06/08/2019 Journal article
    Dewey Decimal Classification     Virtual Virtual Online 01/07/2003   ONLINE PUBLICATION 122835-2001 06/08/2019 1 06/08/2019 Journal article